00518nam a2200193Ia 4500008004100000020001800041050001400059100003100073245002600104245002900130245006600159260001500225260001600240260000900256300001400265300002700279300001000306500000800316170918s9999 xx 000 0 und d a9780545271516 bW362 2005 aWeatherford, Carole Boston aFreedom on the menu : bthe green boro sit-ins / cby Carole Boston Weatherford ; painting by Jerome Lagarrigue. aNew York : bScholastic, c2005 aunpaged : bcolored illustration ; c23cm. a660